| 000 | 00605nam a2200205Ia 4500 | ||
|---|---|---|---|
| 003 | GCL | ||
| 008 | 140319s9999 xx 000 0 ara d | ||
| 040 |
_aGCL / _cGCL |
||
| 082 | 0 | 4 |
_a301.247 _bم ا |
| 100 | 1 | _aمصطفى الخشاب | |
| 245 | 1 | 0 |
_aالاجتماع العائلى / _cمصطفى الخشاب |
| 260 |
_aالقاهرة : _bمكتبة القاهرة الحديثة |
||
| 300 |
_a312 ص ؛ _c24 سم |
||
| 490 | _a | ||
| 650 | 0 | 4 | _aالاسرة |
| 650 | 0 | 4 | _aالزواج |
| 650 | 0 | 4 | _aعلم الاجتماع الاسرى |
| 650 | 0 | 4 | _aالاسرة - رعاية |
| 942 |
_2ddc _cBK |
||
| 999 |
_c35566 _d35566 |
||